<?xml version="1.0" encoding="UTF-8"?><?xml-stylesheet type="text/xsl" href="static/style.xsl"?><OAI-PMH xmlns="http://www.openarchives.org/OAI/2.0/" xmlns:xsi="http://www.w3.org/2001/XMLSchema-instance" xsi:schemaLocation="http://www.openarchives.org/OAI/2.0/ http://www.openarchives.org/OAI/2.0/OAI-PMH.xsd"><responseDate>2026-06-03T23:33:35Z</responseDate><request verb="GetRecord" identifier="oai:riuma.uma.es:10630/12259" metadataPrefix="marc">https://riuma.uma.es/rest/oai/request</request><GetRecord><record><header><identifier>oai:riuma.uma.es:10630/12259</identifier><datestamp>2026-02-13T12:41:27Z</datestamp><setSpec>com_10630_2254</setSpec><setSpec>col_10630_37959</setSpec></header><metadata><record xmlns="http://www.loc.gov/MARC21/slim" xmlns:dcterms="http://purl.org/dc/terms/" xmlns:doc="http://www.lyncode.com/xoai" xmlns:xsi="http://www.w3.org/2001/XMLSchema-instance" xsi:schemaLocation="http://www.loc.gov/MARC21/slim http://www.loc.gov/standards/marcxml/schema/MARC21slim.xsd">
   <leader>00925njm 22002777a 4500</leader>
   <datafield ind2=" " ind1=" " tag="042">
      <subfield code="a">dc</subfield>
   </datafield>
   <datafield ind2=" " ind1=" " tag="720">
      <subfield code="a">Manzaneque-Vázquez, Juan Manuel</subfield>
      <subfield code="e">author</subfield>
   </datafield>
   <datafield ind2=" " ind1=" " tag="720">
      <subfield code="a">Vera-Fernández, Francisca María</subfield>
      <subfield code="e">author</subfield>
   </datafield>
   <datafield ind2=" " ind1=" " tag="720">
      <subfield code="a">Rodríguez-Peña, Francisco Miguel</subfield>
      <subfield code="e">author</subfield>
   </datafield>
   <datafield ind2=" " ind1=" " tag="720">
      <subfield code="a">Carranque-Chaves, Gabriel Ángel</subfield>
      <subfield code="e">author</subfield>
   </datafield>
   <datafield ind2=" " ind1=" " tag="720">
      <subfield code="a">Sánchez-Montes, S.</subfield>
      <subfield code="e">author</subfield>
   </datafield>
   <datafield ind2=" " ind1=" " tag="720">
      <subfield code="a">Blanca-Mena, María José</subfield>
      <subfield code="e">author</subfield>
   </datafield>
   <datafield ind2=" " ind1=" " tag="520">
      <subfield code="a">Introduction: Karate is a Japanese martial art which is widely practiced in the Western world as a form of self-defense, as well as a discipline to achieve physical and mental balance.However, little is known with respect to its specific psychobiological effects, particularly in relation to the influence that karate may exert on the endocrine system. Thus, in the present study we analyzed the effects of regular karate practice on several hormonal parameters.&#xd;
Methods: 27 healthy volunteer subjects participated in the study, of whom 15 were allocated to the experimental group, and 12 were assigned to the control group. Experimental&#xd;
subjects were karate players with a minimum of 3 years of practice in this discipline. Blood samples for the quantification of hormonal parameters (TSH, T3, T4, PTH, ACTH, cortisol, and DHEA) were taken in both groups. To compare the means of the control and experimental group, a t-test for independent groups was performed in each dependent variable.&#xd;
Results: Significant differences between the experimental and control group were found in T3, T4, and cortisol, with karate players showing lower blood levels of these hormones than&#xd;
control.&#xd;
Conclusions: These findings reveal that long-term karate practice is associated to a significant endocrine modulation, which suggests interesting psychobiological implications,&#xd;
and lends itself to potential clinical considerations. Further research is needed to properly assess the scope of the peculiar hormonal profile displayed by advanced karate practitioners.</subfield>
   </datafield>
   <datafield ind1="8" ind2=" " tag="024">
      <subfield code="a">http://hdl.handle.net/10630/12259</subfield>
   </datafield>
   <datafield tag="653" ind2=" " ind1=" ">
      <subfield code="a">Karate</subfield>
   </datafield>
   <datafield ind2="0" ind1="0" tag="245">
      <subfield code="a">Assessment of hormonal parameters in long-term karate Practitioners</subfield>
   </datafield>
</record>
</metadata></record></GetRecord></OAI-PMH>